1423 1515 1763 1538 1357 1658 1522 1788 1449 1017 1799 1547 1459 1988 1921 1881 1839 1684 1916 1129 1776 1459 1734 1129 1454 1123 1699 1598 1387 1621 1332 1650 1897 1772 1555 1084 1689 1628 1789 1605 1904 1496 1398 1761 1681 1092 1883 1183 1076 1592 1857 1962 1218 1967 1346 1251 1300 1853 1842 1484 1996 1535 1319 1658 1673 1025 1926 1074 1576 1152 1613 1172 1151 1612 1639 1516 1673 1513 1769 1386 1420 1971 1397 1490 1086 1896 1045 1612 1093 1189 1320 1367 1756 1985 1050 1967 1782 1817 1983 BCNSPRNW ULIB Ver.6.0+V

เปลี่ยนเป็นภาษาไทย

Change to English
 แสดงรายละเอียดบรรณานุกรม
  กลับหน้าหลัก

Brief Record : Get Marc (ISO 2709) : E-mail record : QR code < ปิดหน้าต่าง
LEADER : 00000nam 2200000uu 4500
001    13399121592
003     ULIB
008    121126s2547||||th 000 0 tha d
020    ^a9744654112
060 04 ^aWT166^bว429ผ
100    ^aวันดี โภคะกุล
245    ^aผลการสำรวจภาวะสุขภาพและการออกกำลังกายของผู้สูงอายุ/^cวันดี โภคะกุล
260    ^aนนทบุรี :^bสถาบันเวชศาสตร์ผู้สูงอายุ กรมการแพทย์,^c2547
300    ^a120 หน้า
650    ^aโรคติดต่อ^xการป้องกันและควบคุม
945    ^p0^l0^i12612
995    ^a วิภา
999    ^aใช้งานได้ทุกระบบ
รายการนี้ยังไม่มีแท็ก
คุณยังไม่ได้ล็อกอิน คุณสามารถมีกิจกรรมร่วมกับเว็บไซต์ได้ แต่ต้องล็อกอินก่อน ::
  ล็อกอิน

รายการสื่อสารสนเทศ

ลำดับที่ ประเภท เลขเรียก/บาร์โค้ด สถานที่ สถานะ
1. วิทยาศาสตร์การแพทย์ และสุขภาพ
วิทยาศาสตร์การแพทย์ และสุขภาพ
WT166 ว429ผ  
  Barcode: 12612
ห้องสมุดวิทยาเขตสวรรค์ประชารักษ์
►หนังสือทั่วไป
บนชั้น

รายการใกล้เคียง
    ผู้แต่ง [วันดี โภคะกุล]

BibComment


ยังไม่เคยถูกคอมเมนท์

คอมเมนท์ทรัพยากรรายการนี้
  คอมเมนท์: ผลการสำรวจภาวะสุ..


 Copyright 2026. Bcnsprnw @Library